Statystyki dla Piłkarze Psg

Kliknij tutaj aby rozwiązać quiz!

Ogólne statystyki

  • Ten quiz został rozwiązany 24 razy
  • Średni wynik to 16 z 29

Statystyki odpowiedzi

PiłkarzNarodowośćPozycja% Poprawnych
MbappeFrancjaPomocnik
95%
MbappeFrancjaNapastnik
95%
DonnarumaWłochyBramkarz
84%
NavasKostarykaBramkarz
84%
HakimiMarokoObrońca
74%
RicoHiszpaniaBramkarz
74%
SkriniarSłowacjaObrońca
74%
KimpembeFrancjaObrońca
68%
LeeKorea PołudniowaPomocnik
68%
MendesPortugaliaObrońca
68%
UgarteUrugwajPomocnik
63%
VitinhaPortugaliaPomocnik
63%
AsensioHiszpaniaNapastnik
58%
DembeleFrancjaNapastnik
58%
Kolo MuaniFrancjaNapastnik
58%
RamosPortugaliaNapastnik
58%
SolerHiszpaniaPomocnik
58%
HernandezFrancjaObrońca
47%
MarquinhosBrazyliaObrońca
47%
PereiraPortugaliaPomocnik
47%
RuizHiszpaniaPomocnik
47%
BarcolaFrancjaNapastnik
42%
MukieleFrancjaObrońca
42%
TenasHiszpaniaBramkarz
37%
Zaire-emeryFrancjaPomocnik
32%
KurzawaFrancjaObrońca
26%
LetellierFrancjaBramkarz
26%
BeraldoBrazyliaObrońca
21%
MayuluFrancjaPomocnik
5%

Rozkład punktacji

Percentyl według liczby udzielonych odpowiedzi

Procent ludzi z każdym wynikiem

Twoja historia wyników

Nie rozwiązałeś tego quizu